Loading...
| History - American | 0 | 5 | 0 | 2 | 50 | 67 | 91.80 | 0 | 0 | 7.15 | 14.44 |
| Literature - British | 0 | 3 | 0 | 0 | 30 | 80 | 88.33 | 0 | 0 | 8.04 | 8.33 |
| Fine Arts - Other | 0 | 3 | 0 | 0 | 30 | 19 | 53.67 | 1 | 1 | 16.49 | 17.78 |
| Fine Arts - Painting and Sculpture | 0 | 3 | 0 | 0 | 30 | 89 | 96.67 | 0 | 0 | 5.28 | 15.00 |
| Science - Biology | 0 | 2 | 0 | 0 | 20 | 29 | 54.00 | 1 | 1 | 9.03 | 13.33 |
| Literature - American | 0 | 2 | 0 | 1 | 20 | 80 | 99.00 | 0 | 1 | 2.79 | 7.22 |
| Fine Arts - Classical Music | 0 | 3 | 2 | 0 | 20 | 74 | 100.33 | 0 | 0 | 4.85 | 12.22 |
| Science - Physics | 0 | 1 | 0 | 0 | 10 | 93 | 93.00 | 0 | 0 | 1.47 | 4.44 |
| History - European | 0 | 1 | 0 | 0 | 10 | 87 | 87.00 | 0 | 0 | 2.09 | 3.33 |
| Literature - European | 0 | 1 | 0 | 0 | 10 | 84 | 84.00 | 0 | 0 | 3.23 | 3.33 |
| Mythology | 0 | 1 | 0 | 0 | 10 | 73 | 73.00 | 0 | 1 | 3.65 | 8.89 |
| Philosophy | 0 | 1 | 0 | 0 | 10 | 106 | 106.00 | 0 | 0 | 0.00 | 1.59 |
| Popular Culture | 0 | 1 | 0 | 0 | 10 | 73 | 73.00 | 0 | 1 | 7.41 | 6.67 |
| Religion | 0 | 1 | 0 | 0 | 10 | 48 | 48.00 | 0 | 1 | 6.03 | 6.67 |
| Current Events | 0 | 1 | 0 | 1 | 10 | 109 | 109.00 | 0 | 0 | 0.00 | 2.22 |
| Geography | 0 | 0 | 1 | 0 | -5 | 0.00 | 0 | 0 | 0.00 | 0.00 |